000 00805pam a2200253 a 4500
001 2386362
003 ARRUPE
005 20131127122336.0
008 850422s1985 nyuaf b 001 0beng
010 _a 85010741
020 _a0671454951
040 _aDLC
_cDLC
_dDLC
050 0 0 _aE807
_b.M75 1985
100 1 _aMorgan, Ted,
_d1932-
_94148
245 1 0 _aFDR :
_ba biography /
_cTed Morgan.
260 _aNew York :
_bSimon and Schuster,
_cc1985.
300 _a830 p., [32] p. of plates :
_bill. ;
_c24 cm.
500 _aIncludes index.
504 _aBibliography: p. [775]-786.
600 1 0 _aRoosevelt, Franklin D.
_q(Franklin Delano),
_d1882-1945.
_94149
650 0 _aPresidents
_zUnited States
_xBiography.
_94150
906 _a7
_bcbc
_corignew
_d1
_eocip
_f19
_gy-gencatlg
942 _2lcc
_cMONOGRAPH
999 _c118763
_d118763